| 000 | 00667cam a2200241 4500 | ||
|---|---|---|---|
| 008 | 090401t1993 xxu||||| |||| 00| 0 eng d | ||
| 020 | _a9264138005 | ||
| 035 | _a(Sirsi) u23807 | ||
| 041 | _aeng | ||
| 050 | _a362.10212 | ||
| 110 | _aOrganisation for Economic Co-Operation and Development | ||
| 245 | _aOECD health systems: facts and trends 1960-1991. | ||
| 260 |
_aParis _bOECD _c1993 |
||
| 300 | _a277p. ; 27cm. | ||
| 350 | _a63 | ||
| 490 |
_aHealth Policy Studies _v3 |
||
| 520 | _aVolume one of Health Policy Studies 3. | ||
| 650 | _aHEALTH SERVICES | ||
| 650 | _aSTATISTICS | ||
| 690 | _aECONOMIC AND SOCIAL | ||
| 942 | _n0 | ||
| 948 | _c04/03/1997 | ||
| 999 |
_c88454 _d88454 |
||